Advocacy Skills (Record no. 18223)
[ view plain ]
| 000 -LEADER | |
|---|---|
| fixed length control field | 00422nam a22001697a 4500 |
| 008 - FIXED-LENGTH DATA ELEMENTS--GENERAL INFORMATION | |
| fixed length control field | 200207b xxu||||| |||| 00| 0 eng d |
| 020 ## - INTERNATIONAL STANDARD BOOK NUMBER | |
| International Standard Book Number | 1854318725 |
| 050 ## - LIBRARY OF CONGRESS CALL NUMBER | |
| Classification number | KD7483 |
| Item number | .H93 1990 c.1 |
| 100 ## - MAIN ENTRY--PERSONAL NAME | |
| Personal name | Hyam, Michael |
| 245 ## - TITLE STATEMENT | |
| Title | Advocacy Skills |
| Statement of responsibility, etc. | Michael Hyam |
| 250 ## - EDITION STATEMENT | |
| Edition statement | 2nd ed. |
| 260 ## - PUBLICATION, DISTRIBUTION, ETC. (IMPRINT) | |
| Place of publication, distribution, etc. | New York |
| Name of publisher, distributor, etc. | OUP |
| Date of publication, distribution, etc. | 1990 |
| 300 ## - PHYSICAL DESCRIPTION | |
| Extent | 199p. |
| 650 ## - SUBJECT ADDED ENTRY--TOPICAL TERM | |
| Topical term or geographic name as entry element | Trial Practice |
| 650 ## - SUBJECT ADDED ENTRY--TOPICAL TERM | |
| Topical term or geographic name as entry element | Cross examination |
| 942 ## - ADDED ENTRY ELEMENTS (KOHA) | |
| Source of classification or shelving scheme | Library of Congress Classification |
| Koha item type | General Collection |
| Withdrawn status | Lost status | Source of classification or shelving scheme | Not for loan | Home library | Current library | Date acquired | Cost, normal purchase price | Total Checkouts | Full call number | Barcode | Date last seen | Price effective from | Koha item type | Total Renewals | Date last checked out |
|---|---|---|---|---|---|---|---|---|---|---|---|---|---|---|---|
| Library of Congress Classification | Kabarak, Main Campus | Kabarak, Main Campus | 07/02/2020 | 3362.00 | KD7483 .H93 1990 c.3 | 028414 | 07/02/2020 | 07/02/2020 | General Collection | ||||||
| Library of Congress Classification | Kabarak, Main Campus | Kabarak, Main Campus | 07/02/2020 | 3362.00 | 4 | KD7483 .H93 1990 c.2 | 028413 | 25/03/2023 | 07/02/2020 | General Collection | 1 | 09/03/2023 | |||
| Library of Congress Classification | Kabarak, Main Campus | Kabarak, Main Campus | 07/02/2020 | 3362.00 | 2 | KD7483 .H93 1990 c.1 | 028412 | 25/11/2024 | 07/02/2020 | General Collection | 07/11/2024 |